000 01928nam a2200421 a 4500
001 ebr10349208
003 CaPaEBR
006 m u
007 cr cn|||||||||
008 090409s2009 ne sb 001 0 eng
010 _z 2009015146
016 7 _z20179674
_2bccb
020 _z9789004171534 (hardback : alk. paper)
020 _z9004171533 (hardback : alk. paper)
040 _aCaPaEBR
_cCaPaEBR
035 _a(OCoLC)642818373
043 _ae------
050 1 4 _aU37
_b.W44 2009eb
082 0 4 _a355/.47409024
_222
100 1 _aWhetham, David.
245 1 0 _aJust wars and moral victories
_h[electronic resource] :
_bsurprise, deception and the normative framework of European war in the later Middle Ages /
_cby David Whetham.
260 _aLeiden ;
_aBoston :
_bBrill,
_c2009.
300 _a266 p.
490 1 _aHistory of warfare,
_x1385-7827 ;
_vv. 55
504 _aIncludes bibliographical references and index.
505 0 _aIntroduction -- Metaphysical and moral context -- The role of war as a legal instrument in the Middle Ages -- The epitome of military science -- The works of Geoffroy de Charny -- Froissart : the management of chivalric expectation -- Conclusion.
533 _aElectronic reproduction.
_bPalo Alto, Calif. :
_cebrary,
_d2013.
_nAvailable via World Wide Web.
_nAccess may be limited to ebrary affiliated libraries.
650 0 _aMilitary art and science
_zEurope
_xHistory
_yTo 1500.
650 0 _aSurprise (Military science)
_xHistory.
650 0 _aDeception (Military science)
_xHistory.
650 0 _aChivalry
_zEurope
_xHistory
_yTo 1500.
650 0 _aMiddle Ages.
651 0 _aEurope
_xHistory, Military
_yTo 1500.
655 7 _aElectronic books.
_2local
710 2 _aebrary, Inc.
830 0 _aHistory of warfare ;
_vv. 55.
856 4 0 _uhttp://site.ebrary.com/lib/rucke/Doc?id=10349208
_zAn electronic book accessible through the World Wide Web; click to view
999 _c29732
_d29732